Molecular biology of human proteins : (Record no. 12441)
[ view plain ]
| 000 -LEADER | |
|---|---|
| fixed length control field | 01161cam a22003132 4500 |
| 001 - CONTROL NUMBER | |
| control field | 12441 |
| 003 - CONTROL NUMBER IDENTIFIER | |
| rucl marc code | BD-RjUL |
| 005 - DATE AND TIME OF LATEST TRANSACTION | |
| control field | 20211208235308.0 |
| 008 - FIXED-LENGTH DATA ELEMENTS--GENERAL INFORMATION | |
| fixed length control field | 140128r19691966ne a b 001 0 eng c |
| 035 ## - SYSTEM CONTROL NUMBER | |
| System control number | OCLC ocm01277815 from D971024M |
| -- | (BD-RjUL)12490 |
| 040 ## - CATALOGING SOURCE | |
| Original cataloging agency | DLC/ICU |
| Transcribing agency | CGU |
| Modifying agency | UKM |
| -- | COU |
| -- | EQO |
| -- | BD-RjUL |
| Language of cataloging | eng |
| 041 ## - LANGUAGE CODE | |
| Language code of text/sound track or separate title | eng |
| 082 00 - DEWEY DECIMAL CLASSIFICATION NUMBER | |
| Classification number | 612.01546 |
| Edition number | 19 |
| Author mark and year | SCM 1969 |
| 096 ## - LOCALLY ASSIGNED NLM-TYPE CALL NUMBER (OCLC) | |
| Classification number | QU 55 S387m 1966 |
| 100 1# - MAIN ENTRY--PERSONAL NAME | |
| Personal name | Schultze, H. E. |
| Fuller form of name | (Hermann E.), |
| Dates associated with a name | 1899- |
| 9 (RLIN) | 38688 |
| 245 10 - TITLE STATEMENT | |
| Title | Molecular biology of human proteins : |
| Remainder of title | with special reference to plasma proteins / |
| Statement of responsibility, etc. | H.E. Schultze and J.F. Heremans. |
| Number of part/section of a work | Volume 1 : |
| Name of part/section of a work | Nature and metabolism of extracellular proteins. |
| 260 ## - PUBLICATION, DISTRIBUTION, ETC. (IMPRINT) | |
| Place of publication, distribution, etc. | Amsterdam ; |
| -- | New York : |
| Name of publisher, distributor, etc. | Elsevier Pub. Co., |
| Date of publication, distribution, etc. | 1966 [Reprinted 1969]. |
| 300 ## - PHYSICAL DESCRIPTION | |
| Pagination | xii, 904 p. : |
| Illustrations | ill. ; |
| Size | 25 cm. |
| 504 ## - BIBLIOGRAPHY, ETC. NOTE | |
| Bibliography, etc | Includes bibliographies and index.. |
| 505 ## - FORMATTED CONTENTS NOTE | |
| Formatted contents note | . |
| 650 #0 - SUBJECT ADDED ENTRY--TOPICAL TERM | |
| Topical term or geographic name as entry element | Proteins. |
| 9 (RLIN) | 38689 |
| Topical term or geographic name as entry element | Blood Proteins |
| 9 (RLIN) | 38690 |
| Topical term or geographic name as entry element | Protein -Metabolism |
| 9 (RLIN) | 38782 |
| 700 1# - ADDED ENTRY--PERSONAL NAME | |
| Personal name | Heremans, J. F. |
| Fuller form of name | (Joseph F.) |
| 942 ## - ADDED ENTRY ELEMENTS (KOHA) | |
| Source of classification or shelving scheme | Dewey Decimal Classification |
| Koha item type | Books |
| Lost status | Source of classification or shelving scheme | Materials specified (bound volume or other part) | Damaged status | Not for loan | Permanent Location | Current Location | Shelving location | Date acquired | Source of acquisition | Cost, normal purchase price | Total Checkouts | Full call number | Date last seen | Copy number | Koha item type |
|---|---|---|---|---|---|---|---|---|---|---|---|---|---|---|---|
| Dewey Decimal Classification | V-1 | Not For Loan | Central Library, University of Rajshahi | Central Library, University of Rajshahi | Reading Room | 13/11/1980 | Netherland | 0.00 | 612.01546 SCM 1969 | 28/01/2014 | C-1 | Books |